| 000 | 00376nam a2200157Ia 4500 | ||
|---|---|---|---|
| 008 | 230312s9999||||xx |||||||||||||| ||und|| | ||
| 020 | _a81-317-2528-3 | ||
| 082 |
_a005.43 _bSTA-O |
||
| 100 | _aStallings;William | ||
| 245 | 0 | _aOperating Systems | |
| 260 |
_bPrentice _aIndia _c2009 |
||
| 300 | _a822 | ||
| 546 | _aEng. | ||
| 650 |
_aComputer _vOperating Systems |
||
| 942 | _cBK | ||
| 999 |
_c8307 _d8307 |
||